000 00285nam a22001337a 4500
008 170526b xxu||||| |||| 00| 0 eng d
020 _a9780198565284
041 _aeng
080 _a621
100 _a25
101 _aIM
245 _aMICROMACHINES
_cFUJIMASA, I
942 _2udc
_cBK
999 _c14347
_d14347